| 000 | 01160nam2a2200253 4500 | ||
|---|---|---|---|
| 001 | RU\NLR\BIBL_A\012726818 | ||
| 005 | 20220328135603.0 | ||
| 010 |
_a978-5-389-20117-0 _bт. 1 _94000 |
||
| 021 |
_aRU _bКН-П-22-021237 _9КН-П-22-1816 |
||
| 021 |
_aRU _bКН-П-21-083353 _9КН-П-21-6644 |
||
| 035 | _a(NLR Aleph) 012726818 | ||
| 090 |
_a12959293 _c12959293 |
||
| 100 | _a20220311d2021 u y0rusy50 ca | ||
| 101 | 0 | _arus | |
| 102 | _aRU | ||
| 105 | _ay z 000ay | ||
| 200 | 0 | _aТ. 1 | |
| 210 | _d2021 | ||
| 215 | _a781, [1] с. | ||
| 461 | 0 |
_1001RU\NLR\BIBL_A\012726815 _12001#$aЕмельян Пугачев$eисторическое повествование$eв 2 т.$fВячеслав Шишков$vТ. 1 _1700#1$aШишков$bВ. Я.$f1873-1945$gВячеслав Яковлевич$3RU\NLR\AUTH\77103 _912959283 _aШишков, В. Я. (1873-1945) _cСанкт-Петербург _d2021 _fВячеслав Шишков _nАзбука _oисторическое повествование : в 2 т. _tЕмельян Пугачев _y9785389198838 _vТ. 1 |
|
| 942 | _cBOOK | ||
| 980 | _aNB | ||